Howard Hughes quiz - Statistics

General Stats
  • This quiz has been taken 8 times
  • The average score is 6 of 11
Answer Stats
Hint Answer % Correct
What actor played him? Leonardo Dicaprio
83%
What film is about Howard Hughes? The Aviator
83%
What was the name of the giant plane Howard Hughes build? The Hercules
83%
Where was Howard Hughes born? Houston, Texas
67%
What superhero was based off of Howard Hughes, according to Stan Lee? Iron Man
67%
What was the first film Howard Highes directed? Hell's Angels
50%
Whose president's brother recieved a giant loan from Hughes? Richard Nixon
50%
Where is it located now? Chevy Chase, Maryland
17%
What was the name of Howard Hughes wife? Jean Peters
17%
How did Howard Hughes die? Kidney failure
17%
Where did Hughes have a medical institute? Miami, Florida
17%
No matching quizzes found
Score Distribution
Percent of People with Each Score
Percentile by Number Answered
Your Score History
You have not taken this quiz